|
|
|
|
| LEADER |
01736nam a2200301 a 4500 |
| 001 |
GR-Antirio817 |
| 008 |
090526s20042006mau b 001 0 gre d |
| 020 |
|
|
|a 0321312554
|
| 040 |
|
|
|a GrPaTEI
|b gre
|c GR-PaULI
|
| 040 |
|
|
|a GrPaTEI
|b gre
|c GR-PaULI
|
| 040 |
|
|
|a GrPaTEI
|b gre
|c GR-PaULI
|
| 082 |
|
0 |
|a 005.133
|2 22
|
| 100 |
0 |
|
|a Weiss, Mark Allen
|
| 245 |
1 |
0 |
|a Data structures & problem solving using java /
|c Weiss, Mark Allen.
|
| 250 |
|
|
|a 3rd ed.
|
| 260 |
|
|
|a Boston , MA. :
|b Pearson / Addison-Wesley,
|c c 2006
|
| 300 |
|
|
|a xxxiτ. , 926 σ. :
|b εικ. ;
|c 26 εκ.
|
| 504 |
|
|
|a Περιλαμβάνει βιβλιογραφίες και ευρετήριο.
|
| 650 |
|
0 |
|a DATA STRUCTURES
|
| 650 |
|
0 |
|a JAVA ( COMPUTER PROGRAM LANGUAGE )
|
| 653 |
|
|
|a PROBLEM SOLVING--DATA PROCESSING
|
| 942 |
|
|
|2 ddc
|
| 952 |
|
|
|0 0
|1 0
|2 ddc
|4 0
|6 005_133000000000000_WEI
|7 0
|9 262270
|a LISK-2
|b LISK-2
|c BSC
|d 2021-01-17
|e 24
|f 0
|g 0.00
|l 0
|o 005.133 WEI
|p 2430000007297
|r 2021-01-17 00:00:00
|t 1
|w 2021-01-17
|y BK15
|x 20090526 0 1
|x GrPaTEI - Antirrio
|
| 952 |
|
|
|0 0
|1 0
|2 ddc
|4 0
|6 005_133000000000000_WEI
|7 0
|9 262271
|a LISK-2
|b LISK-2
|c BSC
|d 2021-01-17
|e 24
|f 0
|g 0.00
|l 0
|o 005.133 WEI
|p 2430000007298
|r 2021-01-17 00:00:00
|t 1
|w 2021-01-17
|y BK15
|x 20090526 0 1
|x GrPaTEI - Antirrio
|
| 952 |
|
|
|0 0
|1 0
|2 ddc
|4 0
|6 005_133000000000000_WEI
|7 0
|9 320726
|a MSLG
|b MSLG
|c BSC
|d 2021-01-23
|e 24
|f 0
|g 0.00
|l 0
|o 005.133 WEI
|p 2420000020732
|r 2021-01-23 00:00:00
|t 1
|w 2021-01-23
|y BK15
|x 20060918 0 1
|x GrPaTEI
|
| 952 |
|
|
|0 0
|1 0
|2 ddc
|4 0
|6 005_133000000000000_WEI
|7 0
|9 320727
|a MSLG
|b MSLG
|c BSC
|d 2021-01-23
|e 24
|f 0
|g 0.00
|l 0
|o 005.133 WEI
|p 2420000020733
|r 2021-01-23 00:00:00
|t 1
|w 2021-01-23
|y BK15
|x 20060918 0 ΔΕΝ ΔΑΝΕΙΖΕΤΑΙ 1
|x GrPaTEI
|
| 971 |
|
|
|a .b25706160
|b 01-10-20
|c 12-09-16
|
| 999 |
|
|
|c 151245
|d 151245
|